| 000 | 00344nam a22001337a 4500 | ||
|---|---|---|---|
| 008 | 230623b xxu||||| |||| 00| 0 eng d | ||
| 020 | _a9966900624 | ||
| 082 |
_a330. _bSOW 1996 |
||
| 245 | _aPolicy Consistency and Inflation in Ghana | ||
| 260 |
_bAfrican Economic Research Consortium _c1996 |
||
| 300 | _a26p | ||
| 440 | _n43 | ||
| 942 |
_2ddc _cBK |
||
| 999 |
_c2391 _d2391 |
||